000 00230nam a22000857a 4500
008 160712b xxu||||| |||| 00| 0 eng d
100 _92685
_a Stewart, M
245 _aHenry & Voula an off Beat Love Story
260 _aAus
_b Penguin
_c1989
999 _c2335
_d2335